BIBLIOTECA

SENCICO

Normas y costos de construcción : análisis de costos y destajos (Registro nro. 1785)

Detalles MARC
000 -LEADER
fixed length control field 00603nam a2200229Ia 4500
005 - DATE AND TIME OF LATEST TRANSACTION
control field 20251020182522.0
008 - FIXED-LENGTH DATA ELEMENTS--GENERAL INFORMATION
fixed length control field 200515s9999 xx 000 0 und d
082 ## - DEWEY DECIMAL CLASSIFICATION NUMBER
Classification number 69:657.47/P66/V.3
100 ## - MAIN ENTRY--PERSONAL NAME
Personal name PLAZOLA CISNEROS, Alfredo PLAZOLA ANGUIANO, Alfredo
245 #0 - TITLE STATEMENT
Title Normas y costos de construcción : análisis de costos y destajos
250 ## - EDITION STATEMENT
Edition statement 3a ed.
260 ## - PUBLICATION, DISTRIBUTION, ETC.
Place of publication, distribution, etc. México, D.F.
260 ## - PUBLICATION, DISTRIBUTION, ETC.
Date of publication, distribution, etc. 1981
500 ## - GENERAL NOTE
General note 1 ejemplar
650 ## - SUBJECT ADDED ENTRY--TOPICAL TERM
Topical term or geographic name entry element ALBAÑILERIA
650 ## - SUBJECT ADDED ENTRY--TOPICAL TERM
Topical term or geographic name entry element ANALISIS DE COSTOS
650 ## - SUBJECT ADDED ENTRY--TOPICAL TERM
Topical term or geographic name entry element COSTOS
650 ## - SUBJECT ADDED ENTRY--TOPICAL TERM
Topical term or geographic name entry element LIB
650 ## - SUBJECT ADDED ENTRY--TOPICAL TERM
Topical term or geographic name entry element MANO DE OBRA
650 ## - SUBJECT ADDED ENTRY--TOPICAL TERM
Topical term or geographic name entry element MATERIALES
942 ## - ADDED ENTRY ELEMENTS (KOHA)
Koha item type Libros
Existencias
Fecha de la última vez que lo usaron Pago total Signatura topográfica completa Código de barras Precio efectivo desde Tipo de documento Estado perdido Estado dañado No es para préstamo Retirado Ubicación permanente Ubicación actual Fecha de adquisición
15/05/2020   69:657.47/P66/V.3 Bib-Lima15051785 15/05/2020 Libros         Biblioteca Central Lima Biblioteca Central Lima 15/05/2020